[Event "Ch Russia (w) (1 liga)"]
[Site "Kolontaevo (Russia)"]
[Date "1998.??.??"]
[EventDate "?"]
[Round "4"]
[Result "1-0"]
[White "Alexandra Kosteniuk"]
[Black "Julia Kochetkova"]
[WhiteElo "2270"]
[BlackElo "2135"]
[PlyCount "73"]

1. e4 c5 2. c4 Nc6 3. Nc3 d6 4. Nf3 e5 5. Be2 Be7 6. d3 f5
7. exf5 Bxf5 8. Be3 Nf6 9. a3 O-O 10. O-O Nd4 11. b4 b6
12. Bg5 Nxe2+ 13. Qxe2 Bg4 14. h3 Bh5 15. Qe3 h6 16. Bh4 Qd7
17. Nd2 Rae8 18. Rab1 Bf7 19. Bxf6 Bxf6 20. Nde4 Bh4 21. Rb2
Be6 22. Ne2 Rf7 23. N2g3 Ref8 24. Qe2 Kh7 25. Qh5 Be7 26. Nc3
g6 27. Qe2 Bh4 28. Nce4 Rf4 29. Rfb1 h5 30. bxc5 dxc5 31. Nxc5
Qc6 32. Nxe6 Qxe6 33. Ne4 R4f5 34. Rf1 Be7 35. a4 Qd7 36. Rb5
Qd4 37. Rd5 1-0

[Event "Olympiad, women"]
[Site "Bled SLO"]
[Date "2002.11.02"]
[EventDate "2002.10.26"]
[Round "8"]
[Result "1/2-1/2"]
[White "Gabriela Olarasu"]
[Black "Alexandra Kosteniuk"]
[WhiteElo "2307"]
[BlackElo "2455"]
[PlyCount "43"]

1. d4 d5 2. c4 e6 3. Nc3 c6 4. e3 Nf6 5. Nf3 Nbd7 6. Qc2 Bd6
7. Bd3 O-O 8. O-O dxc4 9. Bxc4 a6 10. b3 Qe7 11. Bb2 e5
12. Rfe1 h6 13. Nh4 Re8 14. Nf5 Qf8 15. Nxd6 Qxd6 16. Ne4 Nxe4
17. Qxe4 Nf6 18. Qg6 Be6 19. Qg3 Ne4 20. Qh4 exd4 21. Qxe4
Bxc4 22. Qxd4 1/2-1/2

[Event "Swiss National Championship"]
[Site "Silvaplana, Switzerland"]
[Date "2003.??.??"]
[EventDate "?"]
[Round "?"]
[Result "0-1"]
[White "Andreas Huss"]
[Black "Alexandra Kosteniuk"]
[WhiteElo "2332"]
[BlackElo "2457"]
[PlyCount "40"]

1.d4 Nf6 2.c4 e6 3.Nf3 b6 4.Nc3 Bb4 5.Qc2 Bb7 6.a3 Bxc3+
7.Qxc3 d6 8.e3 O-O 9.Bd3 Nbd7 10.O-O Ne4 11.Qc2 f5 12.Nd2 Qh4
13.f3 Ng5 14.f4 Nh3+ 15.gxh3 Rf6 16.Nf3 Rg6+ 17.Kh1 Qxh3
18.Qe2 Nc5 19.Bxf5 exf5 20.Bd2 Be4 0-1

[Event "Simul Alexandra Kosteniuk"]
[Site "Turin, Italy"]
[Date "2005.03.05"]
[EventDate "2005.03.05"]
[Round "?"]
[Result "0-1"]
[White "Alexandra Kosteniuk"]
[Black "Alberto Pulito"]
[WhiteElo "2490"]
[BlackElo "2158"]
[PlyCount "52"]

1.e4 e6 2.Nf3 d5 3.Nc3 Nf6 4.e5 Nfd7 5.d4 c5 6.dxc5 Bxc5 7.Bd3
Nc6 8.Bf4 f6 9.exf6 Nxf6 10.Qe2 O-O 11.O-O-O Bd6 12.Bxd6 Qxd6
13.Kb1 Bd7 14.g4 Rae8 15.h4 Kh8 16.Nh2 Nd4 17.Qe3 e5 18.Rdg1
Ne6 19.g5 Nh5 20.Ng4 Nef4 21.f3 e4 22.Nb5 Qb6 23.Qxb6 axb6
24.Bf1 exf3 25.Kc1 Ne2+ 26.Bxe2 fxe2 0-1

[Event "Simul Alexandra Kosteniuk"]
[Site "Turin, Italy"]
[Date "2005.03.05"]
[EventDate "2005.03.05"]
[Round "?"]
[Result "1-0"]
[White "Alexandra Kosteniuk"]
[Black "Mario Fabbri"]
[WhiteElo "2490"]
[BlackElo "2190"]
[PlyCount "117"]

1.d4 d5 2.Nf3 Nf6 3.c4 c6 4.Nc3 e6 5.e3 Be7 6.Qc2 O-O 7.b3 b6
8.Bb2 Bb7 9.Bd3 Na6 10.a3 Rc8 11.O-O Bd6 12.Rfd1 Qe7 13.e4
dxe4 14.Nxe4 Nxe4 15.Bxe4 f5 16.Bd3 c5 17.d5 exd5 18.cxd5 Qf7
19.Ne5 Qh5 20.Be2 Qh6 21.Bf3 Rce8 22.Re1 Nc7 23.Rad1 Re7 24.g3
Rfe8 25.Nd3 Rxe1+ 26.Nxe1 f4 27.Ng2 fxg3 28.hxg3 Qg5 29.Bc1
Qf6 30.Be4 g6 31.Ne3 Bc8 32.Nc4 Nb5 33.Bb2 Nd4 34.Nxd6 Qxd6
35.Bxd4 cxd4 36.Rxd4 Qxa3 37.d6 Qa1+ 38.Rd1 Qe5 39.Bxg6 hxg6
40.Qxg6+ Kf8 41.d7 Bxd7 42.Rxd7 Qe1+ 43.Kg2 Qe4+ 44.Qxe4 Rxe4
45.Rxa7 Rb4 46.f4 Rxb3 47.f5 Rb5 48.g4 Rb3 49.f6 Kg8 50.Rg7+
Kf8 51.g5 Rc3 52.g6 Rc2+ 53.Kg3 Rc1 54.Kf4 Rf1+ 55.Ke5 Re1+
56.Kd6 Rg1 57.Rb7 Rxg6 58.Ke6 Kg8 59.Ke7 1-0

[Event "North American Open"]
[Site "Las Vegas (USA)"]
[Date "2005.12.28"]
[EventDate "2005.??.??"]
[Round "4"]
[Result "1-0"]
[White "Alexandra Kosteniuk"]
[Black "Timothy Taylor"]
[WhiteElo "2516"]
[BlackElo "2321"]
[PlyCount "93"]

1.e4 c6 2.d4 d5 3.e5 c5 4.dxc5 e6 5.Be3 Ne7 6.c3 Nd7 7.Nf3 Nc6
8.b4 Ncxe5 9. Nxe5 Nxe5 10.f4 Ng6 11.Bd3 Be7 12.O-O O-O 13.Bd4
f6 14.Qh5 Bd7 15.Rf3 f5 16.Nd2 Bf6 17.Nb3 Nxf4 18.Rxf4 e5
19.Bxe5 Bxe5 20.Bxf5 Bxf5 21.Rxf5 Rxf5 22.Qxf5 Bxc3 23.Rf1 Bf6
24.Qe6+ Kh8 25.Rf5 d4 26.Rd5 Qf8 27.Rd7 d3 28.Qf7 Qxf7 29.Rxf7
Rd8 30.Rxb7 d2 31.Nxd2 Rxd2 32.c6 Be5 33.c7 Bxc7 34.Rxc7 h6
35.Rxa7 Rb2 36.a3 Kh7 37.Ra6 Kg8 38.h4 Kf7 39.h5 Rd2 40.a4 Rd5
41.Rb6 Rxh5 42.a5 Rd5 43.a6 Rd1+ 44. Kf2 Ra1 45.b5 h5 46.Rb7+
Kf6 47.a7 1-0

[Event "North American Open"]
[Site "Las Vegas (USA)"]
[Date "2005.12.29"]
[EventDate "2005.??.??"]
[Round "6"]
[Result "1-0"]
[White "Alexandra Kosteniuk"]
[Black "David Pruess"]
[WhiteElo "2516"]
[BlackElo "2391"]
[PlyCount "123"]

1.e4 c6 2.d4 d5 3.e5 Bf5 4.h4 h6 5.g4 Be4 6.f3 Bh7 7.e6 Qd6
8.exf7+ Kxf7 9.Bd3 e5 10.Bxh7 Rxh7 11.dxe5 Qxe5+ 12.Ne2 Nd7
13.Nc3 Re8 14.Qd3 Bb4 15.Kf2 Ngf6 16. Bf4 Qe7 17.g5 hxg5
18.hxg5 Rxh1 19.Rxh1 Nc5 20.Qd1 Nfd7 21.Ng3 Kg8 22.Nce2 Qf7
23.g6 Qxg6 24.a3 Ba5 25.b4 Bb6 26.bxc5 Bxc5+ 27.Kg2 Bxa3
28.Rh5 Be7 29.Nd4 Bf6 30.Nf5 Ne5 31.Qh1 Nf7 32.Kf1 a5 33.Bc1
Bc3 34.Ne2 Qe6 35.Qg2 b5 36.Ne3 b4 37. Nxc3 bxc3 38.Rh4 Ne5
39.Qh2 Ng6 40.Rg4 Qf6 41.Qg3 Kh7 42.Rg5 d4 43.Qh3+ Kg8 44. Qf5
Kh7 45.Qxf6 gxf6 46.Rh5+ Kg8 47.Ng4 Rb8 48.Ke2 Rb1 49.Nxf6+
Kf7 50.Bg5 Rb2 51.Kd3 Ne5+ 52.Ke4 Nxf3 53.Kxf3 Rxc2 54.Ne4 d3
55.Rh7+ Ke6 56.Rh6+ Kf7 57.Nd6+ Kg7 58.Nf5+ Kf7 59.Rf6+ Ke8
60.Rd6 d2 61.Nh6 Rc1 62.Rd8# 1-0

[Event "37th Chess Olympiad: Women"]
[Site "Turin ITA"]
[Date "2006.05.25"]
[EventDate "2006.05.21"]
[Round "5"]
[Result "1-0"]
[White "Natalia Zhukova"]
[Black "Alexandra Kosteniuk"]
[WhiteElo "2425"]
[BlackElo "2540"]
[PlyCount "168"]

1. d4 d5 2. c4 e6 3. Nf3 Nf6 4. Bg5 Bb4+ 5. Nc3 O-O 6. e3 c5
7. cxd5 exd5 8. Bd3 c4 9. Bc2 Nbd7 10. O-O Qa5 11. Ne2 Ne4
12. Bf4 Re8 13. a3 Bf8 14. Bxe4 dxe4 15. Nd2 Nb6 16. Nc3 Bf5
17. Bc7 Qa6 18. f3 exf3 19. Qxf3 Bg6 20. e4 Rac8 21. Bg3 Na4
22. Nd5 Qa5 23. b4 Qd8 24. e5 Kh8 25. Bf2 c3 26. Nb3 b6
27. Rac1 c2 28. Nd2 a5 29. Qb3 axb4 30. axb4 b5 31. Nf4 Bf5
32. Qxf7 Bxb4 33. Nf3 Rf8 34. Qb3 Rc4 35. Nh4 Nc3 36. Kh1 Qa8
37. Nxf5 Rxf5 38. Nd3 Ne4 39. Rxc2 Nd2 40. Rxd2 Bxd2 41. Rd1
Bb4 42. Bg3 Be7 43. h3 Rxd4 44. Qxb5 h5 45. Kh2 h4 46. Bf2
Rxd3 47. Qxd3 Rxf2 48. Qg6 Qf3 49. Rd4 Qf7 50. Qc6 Bg5 51. Rg4
Rd2 52. Qa8+ Rd8 53. Qe4 Be7 54. Rxh4+ Kg8 55. Qh7+ Kf8
56. Qh8+ Qg8 57. Rf4+ Bf6 58. Qxg8+ Kxg8 59. exf6 gxf6
60. Rxf6 Rd3 61. h4 Kg7 62. Rf4 Kg6 63. g3 Kh5 64. Kh3 Ra3
65. Rf5+ Kg6 66. Rc5 Ra4 67. h5+ Kh6 68. g4 Ra1 69. Rc6+ Kh7
70. Kh4 Ra5 71. Rc7+ Kh8 72. h6 Ra6 73. Kh5 Rb6 74. g5 Rb5
75. Re7 Ra5 76. Kg4 Ra1 77. Kf5 Rf1+ 78. Kg6 Rf8 79. Kh5 Rf5
80. Kg4 Rf1 81. g6 Rg1+ 82. Kf5 Rf1+ 83. Ke6 Re1+ 84. Kd7 Rd1+
{ 85. Ke8 Kg8 86. Rg7+ Kh8 87. Rh7+ Kg8 88. Rg7+ Kh8 89. Rf7 }
1-0

[Event "Mindsports"]
[Site "Beijing CHN"]
[Date "2008.10.04"]
[EventDate "2008.10.04"]
[Round "3"]
[Result "1/2-1/2"]
[White "Irina Krush"]
[Black "Alexandra Kosteniuk"]
[WhiteElo "2452"]
[BlackElo "2525"]
[PlyCount "75"]

1. d4 Nf6 2. c4 e6 3. Nc3 Bb4 4. e3 d5 5. Nf3 O-O 6. Bd3 c5
7. O-O dxc4 8. Bxc4 Nbd7 9. Qb3 a6 10. a4 Qc7 11. Rd1 b6
12. d5 exd5 13. Nxd5 Nxd5 14. Bxd5 Bb7 15. e4 Bxd5 16. Qxd5
Rad8 17. Bg5 Nf6 18. Qf5 Rxd1+ 19. Rxd1 Qc6 20. e5 Qe4
21. Qxe4 Ne4 22. Be3 h6 23. Kf1 Re8 24. Ke2 Kf8 25. Rd7 Re7
26. Rd8+ Re8 27. Rd7 f6 28. exf6 Nxf6 29. Rd6 b5 30. axb5 axb5
31. Kf1 Ra8 32. b3 Ra3 33. g3 Ra1+ 34. Kg2 Rb1 35. Kh3 Rb2
36. Rxc6 Kf7 37. Ra6 Rxf2 38. Ra1 1/2-1/2

[Event "28th European Club Cup (Women)"]
[Site "Eilat ISR"]
[Date "2012.10.15"]
[EventDate "2012.10.11"]
[Round "5"]
[Result "1/2-1/2"]
[White "Elina Danielian"]
[Black "Alexandra Kosteniuk"]
[WhiteElo "2476"]
[BlackElo "2490"]
[PlyCount "68"]

1. Nf3 d5 2. c4 e6 3. e3 Nf6 4. b3 c5 5. Bb2 Nc6 6. cxd5 exd5
7. Bb5 Bd6 8. O-O O-O 9. h3 Bf5 10. d4 Rc8 11. dxc5 Bxc5
12. Nc3 Qd6 13. Na4 Ba3 14. Bxa3 Qxa3 15. Bxc6 bxc6 16. Nd4
Bg6 17. Qc1 Qe7 18. Qc5 Qb7 19. Rfc1 Ne4 20. Qa5 Qe7 21. Nc5
Nd6 22. Qa6 Nf5 23. Nxf5 Bxf5 24. Qa4 Rfd8 25. Qf4 Bg6 26. Rc3
Rd6 27. Rd1 Rf6 28. Qh4 Bf5 29. Rd4 Qe5 30. Qf4 Qe8 31. Qh4
Rh6 32. Qf4 Rf6 33. Qh4 Rh6 34. Qf4 Rf6 1/2-1/2

[Event "SportAccord World Mind Games (Women's Blitz)"]
[Site "Beijing CHN"]
[Date "2012.12.16"]
[EventDate "2012.12.16"]
[Round "1.7"]
[Result "1-0"]
[White "Alexandra Kosteniuk"]
[Black "Yifan Hou"]
[WhiteElo "2501"]
[BlackElo "2606"]
[PlyCount "51"]

1. e4 c5 2. Nf3 e6 3. d4 cxd4 4. Nxd4 Nf6 5. Nc3 d6 6. Be2 Nc6
7. Be3 Be7 8. O-O O-O 9. f4 a6 10. a4 Bd7 11. Nb3 b6 12. Bf3
Qc7 13. g4 Bc8 14. g5 Nd7 15. Bg2 Bb7 16. Qh5 Rfe8 17. Rf3 g6
18. Qh6 Bf8 19. Qh4 Bg7 20. Rh3 Nf8 21. f5 Bxc3 22. f6 h5
23. Bf3 Bxf6 24. gxf6 Ne5 25. Bxh5 Nh7 26. Be2 1-0

[Event "Russian Superfinals (Women)"]
[Site "Nizhny Novgorod RUS"]
[Date "2013.10.12"]
[EventDate "2013.10.05"]
[Round "7"]
[Result "1-0"]
[White "Alexandra Kosteniuk"]
[Black "Daria Charochkina"]
[WhiteElo "2495"]
[BlackElo "2343"]
[PlyCount "57"]

1. e4 c6 2. Nc3 d5 3. d4 dxe4 4. Nxe4 Bf5 5. Ng3 Bg6 6. h4 h6
7. Nf3 Nd7 8. h5 Bh7 9. Bd3 Bxd3 10. Qxd3 Ngf6 11. Bf4 Qa5+
12. Bd2 Qa4 13. O-O e6 14. Rfe1 Be7 15. a3 Rd8 16. b4 O-O
17. Nf5 Rfe8 18. Rxe6 fxe6 19. Nxg7 Nf8 20. Nxe8 Rxe8 21. Ne5
Kg7 22. Re1 N6h7 23. Re3 Bf6 24. Rg3+ Ng5 25. f4 Rd8 26. Nf3
Nfh7 27. fxg5 hxg5 28. Nxg5 Bxd4+ 29. Kh1 1-0

[Event "European Team Championship (Women)"]
[Site "Reykjavik ISL"]
[Date "2015.11.19"]
[EventDate "2015.11.13"]
[Round "6.1"]
[Result "1-0"]
[White "Mariya Muzychuk"]
[Black "Alexandra Kosteniuk"]
[WhiteElo "2542"]
[BlackElo "2534"]
[PlyCount "92"]

1. d4 Nf6 2. Bg5 e6 3. e4 h6 4. Bxf6 Qxf6 5. Nc3 Bb4 6. e5 Qe7
7. Qd3 b6 8. O-O-O Bb7 9. f4 Bxc3 10. Qxc3 c5 11. dxc5 Qxc5
12. Qxc5 bxc5 13. Ne2 Ke7 14. Nc3 g5 15. f5 exf5 16. Nd5+ Kd8
17. Nf6 Kc8 18. h4 g4 19. Rd2 Nc6 20. Nxd7 Rd8 21. Nxc5 Rxd2
22. Kxd2 Nxe5 23. Ke3 Bc6 24. Kf4 f6 25. Kxf5 Kc7 26. b4 Bd5
27. Rg1 Bxa2 28. Kxf6 Nc6 29. c3 Rf8+ 30. Kg7 Rg8+ 31. Kh7 Ne5
32. Bd3 Rd8 33. Bf5 Rd2 34. Re1 Nc6 35. Re8 h5 36. Kh6 Rd6+
37. Kg5 Rd5 38. Kf4 Rd8 39. Rxd8 Nxd8 40. Bg6 Bd5 41. g3 Kb6
42. Bxh5 a5 43. Bxg4 Kb5 44. Be2+ Bc4 45. Bxc4+ Kxc4 46. h5
Kd5 1-0

[Event "FIDE Women's Grand Prix Batumi"]
[Site "Batumi GEO"]
[Date "2016.05.01"]
[EventDate "2016.04.20"]
[Round "10"]
[Result "1-0"]
[White "Alexandra Kosteniuk"]
[Black "Nana Dzagnidze"]
[WhiteElo "2557"]
[BlackElo "2535"]
[PlyCount "87"]

1. e4 e5 2. Nf3 Nc6 3. Bc4 d6 4. Nc3 Be7 5. d4 exd4 6. Nxd4
Nxd4 7. Qxd4 Bf6 8. Qd3 Ne7 9. f4 O-O 10. O-O Be6 11. Bxe6
fxe6 12. Ne2 b6 13. Qb3 Qd7 14. Be3 Kh8 15. Rad1 Ng8 16. e5
Be7 17. Nd4 d5 18. Qb5 Qxb5 19. Nxb5 Rfc8 20. f5 exf5 21. Rxf5
c6 22. Nd4 c5 23. Nb5 d4 24. Bf4 Rf8 25. Rxf8 Rxf8 26. g3 g5
27. Bc1 a6 28. Nc7 h6 29. Rf1 Rc8 30. Nd5 Rc6 31. Kg2 Kg7
32. Kf3 Re6 33. Ke4 Bd6 34. Rf5 Bb8 35. h4 gxh4 36. gxh4 Rg6
37. Rf2 Rg1 38. Bd2 Rg4+ 39. Kf5 h5 40. Nxb6 Ne7+ 41. Ke6 Ng6
42. Nd7 Bxe5 43. Nxe5 Re4 44. Rf7+ 1-0

[Event "FIDE Women's Grand Prix Batumi"]
[Site "Batumi GEO"]
[Date "2016.05.02"]
[EventDate "2016.04.20"]
[Round "11"]
[Result "0-1"]
[White "Zhao Xue"]
[Black "Alexandra Kosteniuk"]
[WhiteElo "2504"]
[BlackElo "2557"]
[PlyCount "86"]

1. b3 d5 2. Bb2 c5 3. e3 Nf6 4. Nf3 Nc6 5. Bb5 Qb6 6. Na3 a6
7. Ba4 e6 8. O-O Be7 9. Ne5 O-O 10. Bxc6 bxc6 11. c4 a5
12. Qc2 Ne8 13. f4 f6 14. Nd3 Ba6 15. Rf3 a4 16. Rh3 g6
17. Nc1 Nd6 18. d3 Bc8 19. Rf3 axb3 20. axb3 Nf7 21. Rf1 Bd7
22. Nb1 Rxa1 23. Bxa1 e5 24. Nc3 Be6 25. Na4 Qa7 26. Bb2 Bd6
27. Ne2 d4 28. fxe5 Nxe5 29. exd4 Ng4 30. Nf4 Bf5 31. Rf3 cxd4
32. c5 Re8 33. Qc1 Qa5 34. Rf1 Be5 35. Qc4+ Kg7 36. Bxd4 Qd2
37. h3 Bxf4 38. hxg4 Re1 39. gxf5 Be3+ 40. Kh2 Rxf1 41. Bxf6+
Kxf6 42. Qe6+ Kg5 43. Qe7+ Kg4 0-1

[Event "Russian Team Championship (Women)"]
[Site "Sochi RUS"]
[Date "2016.05.07"]
[EventDate "2016.05.01"]
[Round "6.3"]
[Result "0-1"]
[White "Polina Shuvalova"]
[Black "Alexandra Kosteniuk"]
[WhiteElo "2320"]
[BlackElo "2556"]
[PlyCount "66"]

1. e4 c5 2. Nf3 Nc6 3. Bb5 g6 4. O-O Bg7 5. c3 Nf6 6. Re1 O-O
7. h3 Qb6 8. Ba4 Rd8 9. d4 cxd4 10. cxd4 d5 11. e5 Ne4 12. Nc3
Nxe5 13. Nxe5 Bxe5 14. dxe5 Qxf2+ 15. Kh2 Qg3+ 16. Kg1 Qf2+
17. Kh2 Qg3+ 18. Kg1 Nf2 19. Qf3 Nxh3+ 20. Kf1 Qh2 21. Be3 h5
22. Nxd5 Rxd5 23. Qxd5 Be6 24. Qd4 Qh1+ 25. Bg1 Bc4+ 26. Qxc4
Qxg1+ 27. Ke2 Qxg2+ 28. Kd3 Rd8+ 29. Kc3 Qd2+ 30. Kb3 Rd3+
31. Qc3 Rxc3+ 32. bxc3 Nf2 33. Bb5 Ne4 0-1

[Event "St. Louis Chess Club Simul"]
[Site "St. Louis, Missouri"]
[Date "2016.08.09"]
[EventDate "?"]
[Round "?"]
[Result "1-0"]
[White "Alexandra Kosteniuk"]
[Black "Joshua Wexelbaum"]
[WhiteElo "2538"]
[BlackElo "1700"]
[PlyCount "118"]

1.e4 e6 2.d4 d5 3.Nc3 Bb4 4.e5 c5 5.a3 Bxc3+ 6.bxc3 c4 7.Qg4
g6 8.h4 h5 9.Qf4 Ne7 10.Nf3 Nf5 11.Ng5 Qa5 12.Bd2 Nc6 13.Be2
Bd7 14.O-O Nce7 15.Rfb1 Bc6 16.f3 Qc7 17.a4 Ng8 18.a5 O-O-O
19.Bc1 Re8 20.Rb4 Ngh6 21.Nh3 Qd8 22.g3 Reg8 23.Kg2 Rg7 24.Qg5
Qc7 25.Nf2 Ng8 26.Rbb1 Ngh6 27.Ba3 Qd8 28.Qxd8+ Kxd8 29.Bc1
Rgg8 30.Bg5+ Kd7 31.g4 hxg4 32.fxg4 Ne7 33.Bf6 Rh7 34.Nh3 Re8
35.Ng5 Rhh8 36.Bxh8 Rxh8 37.Rf1 Rf8 38.Rf4 Ke8 39.Raf1 Bd7
40.Rb1 Bc8 41.Nh7 Rh8 42.Nf6+ Kd8 43.Rh1 Nc6 44.g5 Nf5 45.h5
Nxa5 46.Kf2 gxh5 47.Rxh5 Rxh5 48.Bxh5 Ke7 49.Ng8+ Kd8 50.Bxf7
Nc6 51.Nh6 Nce7 52.Nxf5 Nxf5 53.Rxf5 exf5 54.Bxd5 Ke7 55.g6
Kf8 56.Bxc4 a5 57.e6 b5 58.e7+ Kxe7 59.g7 bxc4 1-0

[Event "Chess Olympiad (Women)"]
[Site "Tromso NOR"]
[Date "2016.09.11"]
[EventDate "2016.09.02"]
[Round "9.3"]
[Result "1/2-1/2"]
[White "Le Thao Nguyen Pham"]
[Black "Alexandra Kosteniuk"]
[WhiteElo "2338"]
[BlackElo "2538"]
[PlyCount "114"]

1. d4 Nf6 2. Nf3 e6 3. g3 c5 4. c3 Nc6 5. Bg2 d5 6. O-O h6
7. Nbd2 cxd4 8. cxd4 Qb6 9. e3 Be7 10. Nb1 Ne4 11. Nfd2 Nd6
12. Nc3 O-O 13. b3 a5 14. Na4 Qd8 15. Bb2 f5 16. Nf3 Ne4
17. Rc1 Bd7 18. Nc5 Nxc5 19. dxc5 Bf6 20. Qd2 Bxb2 21. Qxb2
Qf6 22. Qd2 Ne7 23. Rfd1 e5 24. Qc3 e4 25. Qxf6 Rxf6 26. Nd4
g5 27. f4 exf3 28. Bxf3 Kg7 29. Kf2 h5 30. Ne2 Be6 31. h4 f4
32. exf4 gxh4 33. gxh4 Ng6 34. Bxh5 Nxf4 35. Nxf4 Rxf4+
36. Kg3 Rf6 37. Rd4 Kh6 38. Bf3 Rg8+ 39. Kf2 Bh3 40. Rd3 Rg2+
41. Ke3 Rg3 42. Kf2 Rg2+ 43. Ke3 Rg3 44. Ke2 d4 45. Rcd1 Rgxf3
46. Rxf3 Bg4 47. Rd3 Rxf3 48. Rxf3 d3+ 49. Ke3 d2 50. Rf1 d1=Q
51. Rxd1 Bxd1 52. Kd4 Kh5 53. Ke5 Kxh4 54. Kd6 a4 55. bxa4
Bxa4 56. Kc7 Bc6 57. a4 Bxa4 1/2-1/2

[Event "Chess Olympiad (Women)"]
[Site "Tromso NOR"]
[Date "2016.09.12"]
[EventDate "2016.09.02"]
[Round "10.3"]
[Result "1-0"]
[White "Alexandra Kosteniuk"]
[Black "Nana Dzagnidze"]
[WhiteElo "2538"]
[BlackElo "2522"]
[PlyCount "87"]

1. e4 e6 2. d4 d5 3. Nc3 Bb4 4. e5 c5 5. a3 Bxc3+ 6. bxc3 Ne7
7. a4 Qc7 8. Nf3 Nbc6 9. Ba3 b6 10. Bd3 Bd7 11. O-O c4 12. Be2
f6 13. Bd6 Qd8 14. exf6 gxf6 15. Nh4 O-O 16. f4 Rf7 17. Qe1
Rg7 18. f5 exf5 19. Bf3 Kh8 20. Qe3 Qg8 21. Qf4 Qf7 22. Rae1
Ng6 23. Qh6 Kg8 24. Re3 Nxh4 25. Qxh4 Kh8 26. Bh5 Qg8 27. Qxf6
Qd8 28. Rxf5 Bxf5 29. Re8+ Qxe8 30. Bxe8 Rxe8 31. Bf8 Re1+
32. Kf2 Re7 33. Bxg7+ Rxg7 34. Qxf5 Ne7 35. Qf8+ Ng8 36. Qd8
Rf7+ 37. Ke2 Re7+ 38. Kd2 Kg7 39. Qxd5 Nf6 40. Qxc4 h5 41. Qb5
Rd7 42. Kd3 Kf7 43. c4 Ke7 44. a5 1-0

[Event "World Rapid Championship (Women)"]
[Site "Doha QAT"]
[Date "2016.12.28"]
[EventDate "2016.12.26"]
[Round "12.2"]
[Result "0-1"]
[White "Koneru Humpy"]
[Black "Alexandra Kosteniuk"]
[WhiteElo "2557"]
[BlackElo "2555"]
[PlyCount "88"]

1. d4 Nf6 2. c4 e6 3. Nc3 Bb4 4. e3 O-O 5. Ne2 d5 6. a3 Be7
7. cxd5 exd5 8. Nf4 c6 9. Bd3 Bd6 10. O-O Bxf4 11. exf4 Na6
12. f5 Qd6 13. Qf3 c5 14. Bf4 Qb6 15. Na4 Qb3 16. Nxc5 Nxc5
17. dxc5 Qxb2 18. Rfe1 Bd7 19. Be5 Qd2 20. Rad1 Qh6 21. Re3 d4
22. Bxd4 Bc6 23. Qe2 Rad8 24. Be5 Nd5 25. Rg3 f6 26. Bd6 Rfe8
27. Qg4 Rd7 28. Bc4 Kh8 29. h4 Nc7 30. Bd3 Nd5 31. Bc2 b6
32. Rxd5 Bxd5 33. Bf4 g5 34. Bd2 Qxh4 35. Ba4 Re4 36. Qxh4
gxh4 37. Bxd7 hxg3 38. c6 gxf2+ 39. Kxf2 Rc4 40. g3 Bxc6
41. Be6 Re4 42. Bh6 a5 43. Kg1 b5 44. Kh2 Re1 0-1

[Event "World Blitz Championship (Women)"]
[Site "Doha QAT"]
[Date "2016.12.29"]
[EventDate "2016.12.29"]
[Round "2.10"]
[Result "1-0"]
[White "Alexandra Kosteniuk"]
[Black "Zhu Chen"]
[WhiteElo "2555"]
[BlackElo "2419"]
[PlyCount "81"]

1. e4 c5 2. Nf3 d6 3. Bb5+ Nd7 4. c3 Nf6 5. Qe2 a6 6. Ba4 g6
7. O-O Bg7 8. d4 b5 9. Bc2 cxd4 10. cxd4 Bb7 11. e5 Bxf3
12. gxf3 dxe5 13. dxe5 Nd5 14. e6 fxe6 15. Qxe6 Nc5 16. Qc6+
Qd7 17. Qxd7+ Nxd7 18. a4 b4 19. Bb3 e6 20. Nd2 Nc5 21. Bc4
O-O 22. Ne4 Nd7 23. Ng5 Ne5 24. Be2 Rf6 25. Kg2 h6 26. Ne4
Rff8 27. Nc5 Nc7 28. f4 Nc6 29. Bf3 Nd5 30. Nxe6 Rf5 31. Be4
Rh5 32. Bxg6 Rh4 33. Be4 Nce7 34. Rd1 Nxf4+ 35. Nxf4 Rc8
36. Kg3 Bf6 37. Rd6 Bg5 38. Bd5+ Kh7 39. Rd7 Rxc1 40. Rxc1
Bxf4+ 41. Kxh4 1-0

[Event "World Blitz Championship (Women)"]
[Site "Doha QAT"]
[Date "2016.12.29"]
[EventDate "2016.12.29"]
[Round "4.3"]
[Result "1-0"]
[White "Alexandra Kosteniuk"]
[Black "Valentina Gunina"]
[WhiteElo "2555"]
[BlackElo "2525"]
[PlyCount "93"]

1. e4 c6 2. d4 d5 3. Nd2 dxe4 4. Nxe4 Bf5 5. Ng3 Bg6 6. h4 h6
7. Nf3 Nd7 8. h5 Bh7 9. Bd3 Bxd3 10. Qxd3 e6 11. Bd2 Ngf6
12. O-O-O Bd6 13. Ne4 Nxe4 14. Qxe4 Qb6 15. Kb1 Nf6 16. Qe2
Qb5 17. c4 Qf5+ 18. Ka1 O-O-O 19. Rh4 Rhe8 20. Re1 Bc7 21. Bc3
Nd7 22. g4 Qh7 23. Rhh1 e5 24. d5 cxd5 25. cxd5 Nc5 26. Qc4
Qd3 27. Qxc5 Qxf3 28. Qxa7 Qxd5 29. Qa8+ Kd7 30. Qa4+ b5
31. Qc2 Ke7 32. Bb4+ Bd6 33. Rd1 Qc4 34. Qxc4 bxc4 35. Rxd6
Rxd6 36. Rd1 Rd8 37. Kb1 Ke6 38. Rxd6+ Rxd6 39. Bxd6 Kxd6
40. Kc2 g6 41. Kc3 Kc5 42. a4 gxh5 43. gxh5 f5 44. a5 e4
45. a6 Kb6 46. Kxc4 Kxa6 47. Kd4 1-0

[Event "IMSA Elite Mind Games (Rapid, Women)"]
[Site "?"]
[Date "2017.12.11"]
[EventDate "?"]
[Round "5.5"]
[Result "1/2-1/2"]
[White "Alexandra Kosteniuk"]
[Black "Nana Dzagnidze"]
[WhiteElo "2586"]
[BlackElo "2508"]
[PlyCount "110"]

1. e4 c5 2. c3 d5 3. exd5 Qxd5 4. d4 Nf6 5. Nf3 Bg4 6. Be2 e6
7. Na3 Nc6 8. h3 Bxf3 9. Bxf3 Qd7 10. dxc5 Qxd1+ 11. Bxd1 Bxc5
12. Nc4 Nd5 13. Bf3 f6 14. a4 Kf7 15. Ke2 Rac8 16. Rd1 Rhd8
17. Bd2 Nce7 18. Na5 b6 19. Nb3 Nf5 20. Nxc5 bxc5 21. a5 c4
22. Bc1 a6 23. Ra4 Rc5 24. g4 Nd6 25. Bxd5 exd5 26. Kd2 Nb7
27. Kc2 Rxa5 28. Rb4 Rb5 29. Rxb5 axb5 30. Be3 Ke6 31. Ra1 Nd6
32. Ra6 g5 33. f4 gxf4 34. Bxf4 Ke7 35. Rb6 Rd7 36. Kd2 Ne4+
37. Ke3 Nc5 38. Rxb5 Nd3 39. Bg3 Ne5 40. g5 Ng6 41. gxf6+ Kxf6
42. Kd4 Ke6 43. Rb6+ Kf5 44. Rd6 Rxd6 45. Bxd6 Ke6 46. Bh2 Nh4
47. Ke3 Kf5 48. Bg3 Ng6 49. Kd4 Ke6 50. Bh2 Ne7 51. Ke3 Nc6
52. Bc7 Ne7 53. Bh2 Nc6 54. Bc7 Ne7 55. Ke4 Ke5+ 1/2-1/2

[Event "IMSA Elite Mind Games (Blitz, Women)"]
[Site "?"]
[Date "2017.12.12"]
[EventDate "?"]
[Round "10.£¶"]
[Result "1/2-1/2"]
[White "Alexandra Kosteniuk"]
[Black "Kateryna Lahno"]
[WhiteElo "2526"]
[BlackElo "2619"]
[PlyCount "79"]

1. d4 Nf6 2. c4 g6 3. Nc3 d5 4. Nf3 Bg7 5. e3 O-O 6. cxd5 Nxd5
7. Bc4 Nb6 8. Bb3 c5 9. O-O cxd4 10. Nxd4 Nc6 11. Nxc6 bxc6
12. Ne4 Ba6 13. Re1 Bc4 14. Bxc4 Nxc4 15. Qc2 Qa5 16. Rf1 Qb5
17. Rb1 Rfd8 18. b3 Rab8 19. Rd1 Rxd1+ 20. Qxd1 Qd5 21. Qxd5
cxd5 22. Nc5 Bc3 23. Kf1 Nd2+ 24. Bxd2 Bxd2 25. Ke2 Bb4
26. Nd3 Bd6 27. Rc1 Kf8 28. Rc6 Ke8 29. Nc5 Kd8 30. h4 h5
31. Kd3 Rb6 32. Rxb6 axb6 33. Nb7+ Kc7 34. Nxd6 Kxd6 35. a4
Kc5 36. Kc3 e5 37. b4+ Kc6 38. Kd3 f5 39. g3 Kd6 40. Kd4
1/2-1/2

[Event "IMSA Elite Mind Games (Blitz, Women)"]
[Site "?"]
[Date "2017.12.13"]
[EventDate "?"]
[Round "14.4"]
[Result "1/2-1/2"]
[White "Dronavalli Harika"]
[Black "Alexandra Kosteniuk"]
[WhiteElo "2537"]
[BlackElo "2526"]
[PlyCount "118"]

1. c4 e5 2. Nc3 Nf6 3. Nf3 Nc6 4. e3 Bb4 5. Qc2 O-O 6. Nd5 Re8
7. Ng5 g6 8. h4 Bf8 9. a3 h6 10. Nxf6+ Qxf6 11. Ne4 Qe6 12. h5
g5 13. c5 d5 14. cxd6 cxd6 15. Bc4 Qe7 16. Nc3 Be6 17. Bd5
Rac8 18. Qe4 Bg7 19. d3 Kh8 20. Bxe6 Qxe6 21. Bd2 f5 22. Qd5
Qf6 23. O-O a6 24. Rac1 Rc7 25. Qb3 Qf7 26. Qxf7 Rxf7 27. Nd5
e4 28. d4 f4 29. b4 Rf5 30. Nb6 g4 31. Nc4 Re6 32. Nb6 Re8
33. d5 Ne7 34. Bc3 Bxc3 35. Rxc3 Nxd5 36. Nxd5 Rxd5 37. Rc7 f3
38. Rfc1 Rxh5 39. Rxb7 Rd5 40. Rcc7 g3 41. Rh7+ Kg8 42. Rhg7+
Kh8 43. Rxg3 fxg2 44. Kxg2 Ree5 45. Ra7 a5 46. Rb7 axb4
47. axb4 Rb5 48. Rxb5 Rxb5 49. Rg6 d5 50. Rxh6+ Kg7 51. Rd6
Kf7 52. Kg3 Ke7 53. Rh6 Rxb4 54. Kf4 Rb2 55. Ke5 Rxf2 56. Rh7+
Rf7 57. Rxf7+ Kxf7 58. Kxd5 Kf6 59. Kxe4 Ke5+ 1/2-1/2